| 000 | 01193cam a22002895i 4500 | ||
|---|---|---|---|
| 999 |
_c17839 _d17811 |
||
| 003 | EG-ScBUE | ||
| 005 | 20210121153844.0 | ||
| 008 | 131211s2012 ua g 000 h ara d | ||
| 017 | _a2012 / 14520 | ||
| 020 | _a9789775153265 | ||
| 040 |
_aEG-ScBUE _bara _erda _cEG-ScBUE _dEG-ScBUE |
||
| 082 | 0 | 4 |
_a892.78702 _bم ع و _222 |
| 100 | 1 |
_aمعوض، إيهاب، _eمؤلف. |
|
| 245 | 1 | 2 |
_aالرجال من بولاق والنساء من أول فيصل / _cإيهاب معوض. |
| 246 | 3 | 4 |
_aالرجال من بولاق والنساء من أول فيصل : _bقصة صراع حقيقية بين هند وجوز هند وصولا إلى محكمة الأسرة |
| 250 | _aالطبعة السابعة. | ||
| 264 | 7 |
_aالجيزة، مصر : _bالرواق للنشر والتوزيع، _c2012. |
|
| 300 |
_a206 صفحة ؛ _c20 سم |
||
| 336 |
_aنص _btxt _2rdacontent |
||
| 337 |
_aبدون وسيط _bn _2rdamedia |
||
| 338 |
_aمجلد _bnc _2rdacarrier |
||
| 650 | 7 |
_aالأهاجي والفكاهات العربية _yقرن 21. _2BUEsh |
|
| 650 | 7 |
_aالأدب العربي الهزلي. _2BUEsh |
|
| 651 | _2BUEsh | ||
| 653 |
_bARALIT _bGGEN _cDecember2013 |
||
| 942 |
_2ddc _cBB |
||